000 nam a22 7a 4500
999 _c9320
_d9320
008 180127b ||||| |||| 00| 0 eng d
100 _aAggarwal
_95575
245 _aQuestion Bank in Mathematics-X
260 _aNew Delhi
_bArya
_c2008